Une vie (Запись № 3874114)
[ простой вид ]
| 000 -МАРКЕР | |
|---|---|
| контрольное поле | 01073nam0a2200289 4500 |
| 001 - ИДЕНТИФИКАТОР ЗАПИСИ | |
| контрольное поле | RU\NLR\b_ik\192757 |
| 005 - ИДЕНТИФИКАТОР ВЕРСИИ | |
| контрольное поле | 20250616231202.0 |
| 010 ## - МЕЖДУНАРОДНЫЙ СТАНДАРТНЫЙ НОМЕР КНИГИ (ISBN) | |
| Номер (ISBN) | 978-5-9925-0694-5 |
| Тираж | 2000 |
| 035 ## - ДРУГИЕ СИСТЕМНЫЕ НОМЕРА | |
| Идентификатор записи | (NLR Aleph) 002265194 |
| 100 ## - ДАННЫЕ ОБЩЕЙ ОБРАБОТКИ | |
| Данные общей обработки | 20111207d2011 |||y0rusy50 ca |
| 101 0# - ЯЗЫК РЕСУРСА | |
| Язык текста, звукозаписи и т.д. | французский |
| 102 ## - СТРАНА ПУБЛИКАЦИИ ИЛИ ПРОИЗВОДСТВА | |
| Страна публикации | Российская Федерация |
| 105 ## - ПОЛЕ КОДИРОВАННЫХ ДАННЫХ: ТЕКСТОВЫЕ МАТЕРИАЛЫ, МОНОГРАФИЧЕСКИЕ | |
| Кодированные данные о монографическом текстовом документе | a ||||||||| |
| 200 1# - ЗАГЛАВИЕ И СВЕДЕНИЯ ОБ ОТВЕТСТВЕННОСТИ | |
| Основное заглавие | Une vie |
| Сведения, относящиеся к заглавию | [a novel |
| -- | книга для чтения на французском языке] |
| Первые сведения об ответственности | Guy de Maupassant |
| Последующие сведения об ответственности | [коммент. и слов.: О.П. Панайотти] |
| 210 ## - ПУБЛИКАЦИЯ, РАСПРОСТРАНЕНИЕ И ДР. | |
| Место издания, распространения и т.д. | Санкт-Петербург |
| Имя издателя, распространителя и т. д. | КАРО |
| Дата издания, распространения и т.д. | 2011 |
| 215 ## - ФИЗИЧЕСКАЯ ХАРАКТЕРИСТИКА | |
| Специфическое обозначение материала и объем | 380, [2] с. |
| Другие сведения о физической характеристике | ил. |
| Размеры | 17 |
| 225 1# - СЕРИЯ | |
| Основное заглавие серии | Français |
| Наименование части | Littérature classigue |
| 300 ## - ОБЩИЕ ПРИМЕЧАНИЯ | |
| Текст примечания | В вып. дан.: Жизнь / Ги де Мопассан |
| 517 0# - ДРУГИЕ ВАРИАНТЫ ЗАГЛАВИЯ | |
| Вариант заглавия | Жизнь |
| 606 1# - НАИМЕНОВАНИЕ ТЕМЫ КАК ПРЕДМЕТ | |
| Наименование темы | Французский язык |
| Формальный подзаголовок | Книги для чтения |
| Системный номер авторитетной/нормативной записи | 1524672 |
| Идентификатор авторитетной/нормативной записи | RU\NLR\AUTH\66964829 |
| 686 1# - ИНДЕКСЫ ДРУГИХ КЛАССИФИКАЦИЙ | |
| Индекс | Ш147.11-93рус91 |
| 700 #1 - ИМЯ ЛИЦА - ПЕРВИЧНАЯ ОТВЕТСТВЕННОСТЬ | |
| Начальный элемент ввода | Maupassant |
| Часть имени, кроме начального элемента ввода | G. de |
| Даты | 1850-1893 |
| Расширение инициалов личного имени | Guy de |
| Код отношения | Автор |
| 801 #0 - ИСТОЧНИК ЗАПИСИ | |
| Страна | Российская Федерация |
| Организация | NLR |
| Дата составления | 20111207 |
| Правила каталогизации | RCR |
| 942 ## - ДОПОЛНИТЕЛЬНЫЕ ЭЛЕМЕНТЫ ЗАПИСИ (АБИС) | |
| Тип экземпляра АБИС | Книга |
| 980 ## - КОЛЛЕКЦИЯ | |
| Название коллекции | Национальная библиография |
| Тип экземпляра | Дата поступления | Источник поступления | Библиотека постоянного хранения | Библиотека текущего хранения | Место хранения | Шифр хранения | Штрих-код | Статус экземпляра | Публичное примечание |
|---|---|---|---|---|---|---|---|---|---|
| Книга | 07.12.2011 | Обязательный экземпляр | РНБ (Московский) | РНБ (Московский) | Иностранный книжный фонд | Ик 2011-2/93 | 1099617 | ; |